<?xml version="1.0" encoding="UTF-8"?>
<record
    xmlns:xsi="http://www.w3.org/2001/XMLSchema-instance"
    xsi:schemaLocation="http://www.loc.gov/MARC21/slim http://www.loc.gov/standards/marcxml/schema/MARC21slim.xsd"
    xmlns="http://www.loc.gov/MARC21/slim">

  <leader>01206cam a2200181 a 4500</leader>
  <datafield tag="020" ind1=" " ind2=" ">
    <subfield code="a">9780716721321</subfield>
  </datafield>
  <datafield tag="082" ind1="0" ind2="0">
    <subfield code="a">540 MCQ</subfield>
  </datafield>
  <datafield tag="100" ind1="1" ind2=" ">
    <subfield code="a">McQuarrie,Donald.A</subfield>
  </datafield>
  <datafield tag="100" ind1="1" ind2=" ">
    <subfield code="a">Rock,Peter.A</subfield>
  </datafield>
  <datafield tag="245" ind1="1" ind2="0">
    <subfield code="a">General chemistry </subfield>
  </datafield>
  <datafield tag="250" ind1=" " ind2=" ">
    <subfield code="a">3rd.ed</subfield>
  </datafield>
  <datafield tag="260" ind1=" " ind2=" ">
    <subfield code="a">New York</subfield>
    <subfield code="b">Freeman</subfield>
    <subfield code="c">1991</subfield>
  </datafield>
  <datafield tag="300" ind1=" " ind2=" ">
    <subfield code="a">1083p</subfield>
    <subfield code="b">col. ill. ;</subfield>
  </datafield>
  <datafield tag="500" ind1=" " ind2=" ">
    <subfield code="a">Includes index.</subfield>
  </datafield>
  <datafield tag="505" ind1="0" ind2=" ">
    <subfield code="a">Chemistry : matter and measurement -- The structure and stability of atoms -- Periodicity and the electronic structure of atoms -- Ionic bonds and some main-group chemistry -- Covalent bonds and molecular structure -- Mass relationships in chemical reactions -- Reactions in aqueous solution -- Thermochemistry : chemical energy -- Gases : their properties and behavior -- Liquids, solids, and phase changes -- Solutions and their properties -- Chemical kinetics -- Chemical equilibrium -- Aqueous equilibria : acids and bases -- Applications of aqueous equilibria -- Thermodynamics : entropy, free energy, and equilibrium -- Electrochemistry -- Hydrogen, oxygen, and water -- The main-group elements -- Transition elements and coordination chemistry -- Metals and solid-state materials -- Organic chemistry.</subfield>
  </datafield>
  <datafield tag="650" ind1=" " ind2="0">
    <subfield code="a">Chemistry</subfield>
  </datafield>
  <datafield tag="942" ind1=" " ind2=" ">
    <subfield code="c">BK</subfield>
  </datafield>
  <datafield tag="999" ind1=" " ind2=" ">
    <subfield code="c">1131</subfield>
    <subfield code="d">1131</subfield>
  </datafield>
  <datafield tag="952" ind1=" " ind2=" ">
    <subfield code="0">0</subfield>
    <subfield code="1">0</subfield>
    <subfield code="7">0</subfield>
    <subfield code="8">NFIC</subfield>
    <subfield code="a">IC</subfield>
    <subfield code="b">IC</subfield>
    <subfield code="c">GEN</subfield>
    <subfield code="d">2015-06-15</subfield>
    <subfield code="l">0</subfield>
    <subfield code="o">540 MCQ</subfield>
    <subfield code="p">004199</subfield>
    <subfield code="r">2015-06-15 00:00:00</subfield>
    <subfield code="w">2015-06-15</subfield>
    <subfield code="y">REF</subfield>
  </datafield>
</record>
